Normal view
MARC view
- Afsar, Rizwan
Entry Personal Name
001 - CONTROL NUMBER
- control field: 51620
003 - CONTROL NUMBER IDENTIFIER
- control field: NUST
005 - DATE AND TIME OF LATEST TRANSACTION
- control field: 20210314135029.0
008 - FIXED-LENGTH DATA ELEMENTS
- fixed length control field: 210314|| aca||aabn | a|a d
040 ## - CATALOGING SOURCE
- Original cataloging agency: NUST
- Transcribing agency: NUST
100 ## - HEADING--PERSONAL NAME
- Personal name: Afsar, Rizwan
670 ## - SOURCE DATA FOUND
- Source citation: Work cat.: (NUST): Ahad, Khuwaja Umar 51619, Modelling and optimization of traffic flows at an urban intersection using VISSIM simulations and CAD software , 2019.
